000 00287nam a2200121Ia 4500
008 191201s2008 xx 000 0 und d
100 _aJAIN, Pooja
245 0 _aWindows based Computer Courses
260 _c2008
_bS.Vikas
_aJalandhar
300 _amisc
650 _aCSE
942 _2ddc
_cBB
999 _c7275
_d7275